000 00883nmm a2200313 a 4500
003 AR-BaBNM
005 20251128203522.0
008 266019s1943 ||||||||||||||000 | spa||
040 _cAR-BaBNM
100 1 _aCurtius, Georg
_d1820-1885
245 1 0 _aGramática griega
260 _aBuenos Aires
_bDesclee de Brouwer
_c1943
300 1 _axviii, 420 p.
500 0 _aContiene índice alfabético de materias en p. 383
500 0 _aIndice alfabético griego p. 397
650 4 _aLITERATURA GRIEGA
650 4 _aGRAMATICA
650 4 _aFILOLOGIA
650 4 _aGRIEGO
650 4 _aMORFOLOGIA [LINGUISTICA]
650 4 _aSINTAXIS
650 4 _aSEMANTICA
650 4 _aENSENANZA DE IDIOMAS
653 0 _aGRAMATICA GRIEGA
700 1 _aSoms y Castelín, Enrique
_etraductor
700 1 _aMenéndez y Pelayo, Marcelino
_eprologuista
942 _cBK
998 _cMARTIN
999 _c3754
_d3754